La Organización de los Estados Americanos /

Estudio jurídico-político sobre la Organización de los Estados Americanos (OEA), que da cuenta de los acontecimientos importantes en el organismo y el continente hasta febrero de 1963.

Gardado en:
Detalles Bibliográficos
Autor Principal: Thomas, Ann van Wynen (autor)
Outros autores: Thomas Jr., A.J. (autor) (autor)
Formato: Libro
Idioma:Lingua castelá
Publicado: México : UTEHA, 1968, c1968
Series:(Biblioteca UTEHA de Historia)
Temas:
Etiquetas: Engadir etiqueta
Sen Etiquetas, Sexa o primeiro en etiquetar este rexistro!

MARC

LEADER 00000nam^a2200000^a^4500
001 000105386
005 20250521000000.0
009 20260310093458.699
037 |a Acervo ITESO - Biblioteca 
041 |a ESP 
082 |a 341. 245  |b THO 
100 |a Thomas, Ann van Wynen  |e (autor) 
245 1 3 |a La Organización de los Estados Americanos /  |c A. van Wynen Thomas, A.J. Thomas Jr. ; tr. por Armando Arrangoiz. 
264 4 |a México :  |b UTEHA,  |c 1968, c1968 
300 |a XIII, 692 p. 
336 |a texto  |b txt  |2 rdacontenido 
337 |a sin mediación  |b n  |2 rdamedio 
338 |a volumen  |b nc  |2 rdasoporte 
440 1 |a (Biblioteca UTEHA de Historia) 
500 |a Traducción de: The Organization of American States 
520 |a Estudio jurídico-político sobre la Organización de los Estados Americanos (OEA), que da cuenta de los acontecimientos importantes en el organismo y el continente hasta febrero de 1963. 
649 |a XX 
650 |a OEA -  |x Historia 
650 |a OEA -  |x Aspectos Jurídicos 
650 |a Organizaciones Internacionales -  |x Historia 
650 |a Panamericanismo -  |x Historia 
650 |a Derecho Internacional Público -  |z América -  |x Historia 
650 |a Derecho Internacional -  |z América -  |x Historia 
650 |a Política Internacional 
650 |a Política -  |z América -  |x Historia 
650 |a América -  |x Historia -  |y Siglo XX 
700 |a Thomas Jr., A.J.  |e (autor) 
910 |a Fondo Jesús Rodríguez 
920 |a Impresos - Libros 
930 |a Fondos Especiales 
905 |a 113 
901 |a 0800000234  |b IT2  |c ESP  |u 20250521 
902 |a https://opac.biblio.iteso.mx/vufind/Record/000105386